000 00953nas a2200277 4500
001 BR2012008624
003 BR-BrBNA
005 20231205121547.0
007 ta
008 230509b bl.|||p| |||| 00| 00por d
040 _aBR-BrBNA
_bpor
_cBiblioteca Nacional de Agricultura
041 _a(Pt)
072 _aF08
100 1 _aPinto, C. de M.
100 1 _aPinto, O.R. de O.
100 1 _aPitombeira, J.B.
245 1 _aMamona e girassol no sistema de consorciação em arranjo de fileiras: eficiência biológica
650 _aRICINUS COMMUNIS
650 _aHELIANTHUS ANNUUS
650 _aPLANTA OLEAGINOSA
650 _aCONSORCIAÇÃO DE CULTURA
773 0 _tRevista Brasileira de Agropecuária Sustentável (Brazil)
_xISSN 2178-5317
_g(Jul-2012), v.2(1) p. 41-52
_wBR2012008624
856 4 0 _uhttp://www.rbas.com.br/downloads.php?arquivo=pdf/revista_1_artigo_7.pdf
909 _a202311
_bLúcia
_c55
_dLúcia Elande
942 _2AGRIS
_n0
_cANA
999 _c224128
_d224128